English pronunciation in use

שמור ב:
מידע ביבליוגרפי
מחבר ראשי: Hancock, Mark
פורמט: ספר
שפה:Undetermined
יצא לאור: Thành phố Hồ Chí Minh Nhà xuất bản Thành phố Hồ Chí Minh 2004
נושאים:
תגים: הוספת תג
אין תגיות, היה/י הראשונ/ה לתייג את הרשומה!
Thư viện lưu trữ: Trung tâm Học liệu Trường Đại học Cần Thơ
LEADER 00579nam a2200205Ia 4500
001 CTU_96885
008 210402s9999 xx 000 0 und d
020 |c 32000 
082 |a 428.34 
082 |b H235 
100 |a Hancock, Mark 
245 0 |a English pronunciation in use 
245 0 |c Mark Hancock 
260 |a Thành phố Hồ Chí Minh 
260 |b Nhà xuất bản Thành phố Hồ Chí Minh 
260 |c 2004 
650 |a English language 
650 |x Prunuciation 
904 |i Minh 
980 |a Trung tâm Học liệu Trường Đại học Cần Thơ